| 000 | 004270000a22001810004500 | ||
|---|---|---|---|
| 003 | MACL | ||
| 005 | 20151028111347.0 | ||
| 008 | 151028b xxu||||| |||| 00| 0 eng d | ||
| 040 |
_aMACL _cMACL |
||
| 041 | _aEnglish | ||
| 082 | _a821/HAS | ||
| 100 |
_aHashem, S. M _910563 |
||
| 245 | _aMind Fillers | ||
| 260 |
_aKolkata _bAffinity _cAugust2009 |
||
| 350 | _a175/- | ||
| 690 | _aEnglish Poetry | ||
| 942 |
_cBK _k821/ HAS _2ddc |
||
| 999 |
_c44633 _d44633 |
||